El señor presidente

Spremljeno u:
Bibliografski detalji
Glavni autor: Asturias, Miguel Angel (Autor)
Format: Knjiga
Jezik:španjolski
Izdano: Buenos Aires Losada 1995
Izdanje:36a. ed
Serija:Biblioteca clásica y contemporánea
Teme:
Oznake: Dodaj oznaku
Bez oznaka, Budi prvi tko označuje ovaj zapis!

MARC

LEADER 00000nam a2200000 a 4500
001 UCH4135
003 CL-VaPUC
008 090818e19950000AG |||||||||||||||||spa|d
082 0 4 |a Gu863  |b AST  |2 21 
100 0 |a Asturias, Miguel Angel  |e author  |9 309802 
245 1 3 |a El señor presidente 
250 |a 36a. ed 
300 |a 326 p 
942 |c BK 
945 |d 20090818 00:00:00  |a lazolas 
260 |a Buenos Aires  |b Losada  |c 1995 
650 0 |a Novelas guatemaltecas  |9 315656 
583 |a last modification  |c 20090818 00:00:00  |k Rodrigo Vera 
490 0 |a Biblioteca clásica y contemporánea 
999 |c 335479  |d 335477